Loading...
| Science - Other | 0 | 4 | 0 | 2 | 40 | 61 | 93.75 | 0 | 1 | 7.21 | 14.83 |
| Literature - American | 0 | 4 | 1 | 2 | 35 | 103 | 109.00 | 0 | 0 | 3.81 | 8.64 |
| Science - Chemistry | 0 | 3 | 0 | 2 | 30 | 90 | 107.00 | 0 | 0 | 0.29 | 5.07 |
| Literature - British | 0 | 3 | 0 | 0 | 30 | 76 | 91.67 | 0 | 0 | 4.79 | 7.69 |
| Social Science | 0 | 2 | 0 | 0 | 20 | 36 | 52.50 | 0 | 1 | 12.45 | 16.67 |
| Fine Arts - Painting and Sculpture | 0 | 2 | 0 | 0 | 20 | 82 | 85.50 | 0 | 0 | 5.21 | 10.00 |
| History - American | 0 | 2 | 0 | 1 | 20 | 68 | 88.50 | 0 | 1 | 3.98 | 9.85 |
| History - World | 0 | 2 | 0 | 1 | 20 | 62 | 85.50 | 0 | 0 | 4.15 | 2.42 |
| Literature - World | 0 | 2 | 0 | 1 | 20 | 97 | 105.00 | 0 | 0 | 1.42 | 1.74 |
| History - European | 0 | 1 | 0 | 0 | 10 | 64 | 64.00 | 0 | 0 | 3.39 | 5.30 |
| Literature - European | 0 | 1 | 0 | 0 | 10 | 95 | 95.00 | 0 | 0 | 1.71 | 3.64 |
| Philosophy | 0 | 1 | 0 | 0 | 10 | 92 | 92.00 | 0 | 0 | 1.19 | 3.70 |
| Popular Culture | 0 | 1 | 0 | 0 | 10 | 71 | 71.00 | 0 | 1 | 6.38 | 11.67 |
| Religion | 0 | 1 | 0 | 0 | 10 | 53 | 53.00 | 0 | 0 | 4.22 | 6.06 |
| History - Other | 0 | 0 | 0 | 0 | 0 | 0.00 | 0 | 0 | 0.00 | 0.00 | |
| Fine Arts - Other | 0 | 0 | 0 | 0 | 0 | 0.00 | 0 | 0 | 0.00 | 0.00 | |
| Current Events | 0 | 0 | 1 | 0 | -5 | 0.00 | 0 | 0 | 0.00 | 0.00 | |
| Fine Arts - Classical Music | 0 | 0 | 1 | 0 | -5 | 0.00 | 0 | 0 | 0.00 | 0.00 |